| 000 | 01656nam2a22003131 4500 | ||
|---|---|---|---|
| 001 | rc\4122223 | ||
| 005 | 20260113123017.0 | ||
| 021 |
_aRU _b[58-2197] |
||
| 035 | _a(NLR Aleph) 008152864 | ||
| 090 |
_a7782624 _c7782624 |
||
| 100 | _a20130415d1957 u y0rusy50 ca | ||
| 101 | 0 | _arus | |
| 102 | _aRU | ||
| 105 | _aa z ||||| | ||
| 200 | 1 |
_aГидрологические наблюдения и работы на реках _fСост.: Н.М. Андреева, А.М. Гаврилов, С.И. Коплан-Дикс и др.] |
|
| 205 | _a[2-е изд. | ||
| 210 | _d1957 | ||
| 215 |
_a400 с., 2 л. черт. _cил. |
||
| 461 | 0 |
_1001rc\4122219 _12001#$aНаставление гидрометеорологическим станциям и постам$fГл. упр. гидрометеорол. службы при Совете Министров СССР$vВып. 6. Ч. 1 _97782617 _cЛенинград _d1951- _fГл. упр. гидрометеорол. службы при Совете Министров СССР _nГидрометеоиздат _tНаставление гидрометеорологическим станциям и постам _vВып. 6. Ч. 1 |
|
| 606 |
_aГидрологические наблюдения, речные _2psbo |
||
| 702 | 1 |
_4220 _7ca _8rus _aГаврилов _bА. М. _cгидролог _gАлександр Михайлович _9226287 _3RU\NLR\AUTH\770226343 |
|
| 702 | 1 |
_aКоплан-Дикс _bС.И. _4220 |
|
| 702 | 1 |
_aАндреева _bН.М. _4220 |
|
| 801 | 0 |
_aRU _bNLR _gpsbo |
|
| 801 | 1 |
_aRU _bELAR _2rusmarc |
|
| 852 |
_aNLR _jГн10 Г-6/72(6-1) |
||
| 942 | _cBOOK | ||
| 980 | _aNB | ||